01231nam a2200313 a 4500001001200000003000800012006001900020007001500039008004100054010001700095020001500112020001800127020002700145040002100172035002000193050002200213100005100235245011500286250001700401260006100418300001900479504005100498533015200549650002700701655002900728710001700757856012600774999001700900ebr10642196CaPaEBRm u cr cn|||||||||770413s1971 paua sb 001 0 eng d z 62011265  z081221014X z9780812210149 z9780812206715 (e-book) aCaPaEBRcCaPaEBR a(OCoLC)4496443514aGN17b.H63 1971eb1 aHodgen, Margaret T.q(Margaret Trabue),d1890-10aEarly anthropology in the sixteenth and seventeenth centuriesh[electronic resource] /cby Margaret T. Hodgen. a1st pbk. ed. aPhiladelphia :bUniversity of Pennsylvania Press,c1971. a526 p. :bill. aIncludes bibliographical references and index. aElectronic reproduction.bPalo Alto, Calif. :cebrary,d2013.nAvailable via World Wide Web.nAccess may be limited to ebrary affiliated libraries. 0aAnthropologyxHistory. 7aElectronic books.2local2 aebrary, Inc.40uhttp://site.ebrary.com/lib/rucke/Doc?id=10642196zAn electronic book accessible through the World Wide Web; click to view c32576d32576